[Event "Montevideo Duchamp Cup 7th"]
[Site "Montevideo"]
[Date "2024.02.03"]
[Round "3"]
[White "Saralegui Cassan, Mario"]
[Black "Pena Canapa, Alfredo"]
[Result "1-0"]
[WhiteElo "1994"]
[BlackElo "1795"]
[PlyCount "51"]
[EventDate "2024.02.01"]
[EventType "swiss"]
[EventRounds "9"]
[EventCountry "URU"]
[SourceTitle "CB07_2024"]
[SourceDate "2024.02.14"]
[SourceVersion "1"]
[SourceVersionDate "2024.02.14"]
[SourceQuality "1"]

1. d4 d5 2. Nf3 Nf6 3. c4 dxc4 4. e3 e6 5. Bxc4 a6 6. 0-0 c5 7. Qe2 b5 8. Bd3 Bb7 9. Rd1 Qc7 10. a4 b4 11. b3 Nbd7 12. Bb2 Bd6 13. Nbd2 Qb8 14. h3 0-0 15. Rac1 Rc8 16. Bb1 cxd4 17. Rxc8+ Bxc8 18. Bxd4 Bb7 19. Nc4 Bc7 20. Bb2 Nc5 21. Ng5 h6 22. Bxf6 gxf6 23. Nxf7 Kxf7 24. Qh5+ Ke7 25. Qxc5+ Kf7 26. Rd7+ 1-0

[Event "Montevideo Trebejos op 05"]
[Site "Montevideo"]
[Date "2022.05.16"]
[Round "2"]
[White "Dotta, Gian Franco"]
[Black "Pena Canapa, Alfredo"]
[Result "1-0"]
[WhiteElo "1975"]
[BlackElo "1845"]
[PlyCount "39"]
[EventDate "2022.05.13"]
[EventType "swiss"]
[EventRounds "6"]
[EventCountry "URU"]
[SourceTitle "EXT 2024"]
[Source "ChessBase"]
[SourceDate "2023.10.10"]
[SourceVersion "1"]
[SourceVersionDate "2023.10.10"]
[SourceQuality "1"]

1. d4 Nf6 2. c4 e6 3. g3 c5 4. d5 exd5 5. cxd5 d6 6. Nc3 g6 7. Bg2 Bg7 8. Nf3 0-0 9. 0-0 Re8 10. Nd2 b6 11. Nc4 Ba6 12. Qa4 Bxc4 13. Qxc4 a6 14. a4 b5 15. Qh4 b4 16. Nd1 Nbd7 17. Re1 Ne5 18. Bg5 Nd3 19. Rf1 Rxe2 20. Qc4 1-0

[Event "Montevideo Trebejos op 03"]
[Site "Montevideo"]
[Date "2022.03.25"]
[Round "6"]
[White "Meneses, Camilo"]
[Black "Pena Canapa, Alfredo"]
[Result "1/2-1/2"]
[WhiteElo "1674"]
[BlackElo "1829"]
[PlyCount "124"]
[EventDate "2022.03.07"]
[EventType "swiss"]
[EventRounds "6"]
[EventCountry "URU"]
[SourceTitle "EXT 2023"]
[Source "ChessBase"]
[SourceDate "2022.10.05"]
[SourceVersion "1"]
[SourceVersionDate "2022.10.05"]
[SourceQuality "1"]

1. c4 e5 2. Nc3 Nc6 3. e3 a6 4. g3 Bc5 5. Bg2 d6 6. Nge2 Ba7 7. 0-0 h5 8. d4 h4 9. a3 hxg3 10. fxg3 Bg4 11. Qa4 Bd7 12. Qd1 Nf6 13. b4 Bh3 14. Bxh3 Rxh3 15. Kg2 Qd7 16. Ng1 Rh8 17. c5 Ne7 18. dxe5 dxe5 19. Qxd7+ Kxd7 20. e4 b6 21. cxb6 Bxb6 22. Bg5 Bd4 23. Rad1 Ke6 24. Bxf6 gxf6 25. Nd5 Nxd5 26. exd5+ Ke7 27. Ne2 c5 28. dxc6 Bb2 29. Rd7+ Ke6 30. Rb1 Bxa3 31. Rb3 Bxb4 32. Rxb4 a5 33. Rc4 a4 34. Rd2 Rhc8 35. Nc3 a3 36. Ra2 Ra5 37. c7 f5 38. Nb1 Ra7 39. Rxa3 Raxc7 40. Rxc7 Rxc7 41. Rc3 Rb7 42. Na3 e4 43. h4 Kd5 44. Kf2 Kd4 45. Re3 Rb2+ 46. Re2 Rb3 47. Nc2+ Ke5 48. Ne3 Rd3 49. Ng2 Rf3+ 50. Kg1 Rxg3 51. Kh2 f4 52. Rf2 e3 53. Rb2 Rg4 54. Kh3 f5 55. Ne1 Rg3+ 56. Kh2 Rg8 57. Rb4 Rg4 58. Nf3+ Kf6 59. Rb6+ Kg7 60. Rb5 Kf6 61. Rb6+ Kg7 62. Rb5 Kf6 1/2-1/2

[Event "URU-ch sf"]
[Site "Montevideo"]
[Date "2022.02.26"]
[Round "2"]
[White "Pena Canapa, Alfredo"]
[Black "Rodriguez Delfino, Tiago"]
[Result "1-0"]
[WhiteElo "1841"]
[BlackElo "1470"]
[PlyCount "157"]
[EventDate "2022.02.26"]
[EventType "swiss"]
[EventRounds "7"]
[EventCountry "URU"]
[SourceTitle "CBM 207 Extra"]
[Source "ChessBase"]
[SourceDate "2022.05.31"]
[SourceVersion "1"]
[SourceVersionDate "2022.05.31"]
[SourceQuality "1"]

1. e4 e6 2. d4 d5 3. Nc3 dxe4 4. Nxe4 Nd7 5. Nf3 Ndf6 6. Nxf6+ Nxf6 7. Be3 Be7 8. Qd2 Nd5 9. Bg5 Bxg5 10. Nxg5 h6 11. Ne4 0-0 12. 0-0-0 Qe7 13. a3 Rd8 14. g4 Nf6 15. Qf4 Nxe4 16. Qxe4 Qg5+ 17. Kb1 Qd5 18. Bg2 Qxe4 19. Bxe4 e5 20. dxe5 Bxg4 21. f3 Bh5 22. Bxb7 Rab8 23. Bc6 Kf8 24. Kc1 Ke7 25. Rxd8 Rxd8 26. Rg1 g6 27. c3 Rd3 28. Be4 Rd8 29. f4 Ke6 30. Bc2 Rf8 31. Kd2 c5 32. Ke3 c4 33. Bd1 Bxd1 34. Rxd1 Kf5 35. Rd6 g5 36. Rf6+ Kg4 37. fxg5 Kxg5 38. Kd4 Rb8 39. Rxf7 Rxb2 40. Kxc4 Rxh2 41. Rxa7 Kf5 42. Re7 h5 43. Kd4 Rd2+ 44. Kc5 Ra2 45. Rh7 Kg6 46. Rh8 Rxa3 47. c4 Rd3 48. e6 Kf6 49. Rxh5 Kxe6 50. Rh6+ Kd7 51. Rh7+ Kd8 52. Kc6 Rg3 53. Rh8+ Ke7 54. c5 Rb3 55. Kc7 Rb1 56. c6 Rb2 57. Rb8 Rc2 58. Rb4 Rc1 59. Re4+ Kf7 60. Kd6 Rd1+ 61. Kc7 Rc1 62. Re5 Kf6 63. Re4 Rc2 64. Kb7 Rb2+ 65. Kc8 Rb1 66. c7 Rc1 67. Rd4 Ke7 68. Rd5 Rc2 69. Rh5 Rc1 70. Rh6 Rb1 71. Rc6 Rb2 72. Rc4 Rb1 73. Re4+ Kf7 74. Re5 Kf6 75. Re4 Kf7 76. Kd7 Rd1+ 77. Kc6 Rc1+ 78. Kb6 Rb1+ 79. Kc5 1-0

[Event "Montevideo Duchamp Cup 5th"]
[Site "Montevideo"]
[Date "2022.02.17"]
[Round "7"]
[White "Perez Selios, Luis"]
[Black "Pena Canapa, Alfredo"]
[Result "1-0"]
[WhiteElo "1429"]
[BlackElo "1841"]
[PlyCount "143"]
[EventDate "2022.02.12"]
[EventType "swiss"]
[EventRounds "9"]
[EventCountry "URU"]
[SourceTitle "CBM 206 Extra"]
[Source "ChessBase"]
[SourceDate "2022.03.31"]
[SourceVersion "1"]
[SourceVersionDate "2022.03.31"]
[SourceQuality "1"]

1. d4 Nf6 2. Bf4 d5 3. e3 c5 4. c3 Nc6 5. Nd2 Qb6 6. Qc2 g6 7. Ngf3 Bf5 8. dxc5 Qxc5 9. Bd3 Bxd3 10. Qxd3 Bg7 11. 0-0 0-0 12. Rad1 Rfd8 13. Bc7 Rd7 14. Nb3 Qc4 15. Qxc4 dxc4 16. Rxd7 Nxd7 17. Na5 Nxa5 18. Bxa5 b6 19. Bb4 Bf6 20. a4 Rc8 21. Rd1 Nc5 22. Bxc5 Rxc5 23. Nd2 a6 24. Kf1 Be5 25. Ke2 f5 26. g3 Bd6 27. e4 Kf7 28. f4 Bc7 29. Nf3 Ke8 30. Ng5 fxe4 31. Nxe4 Ra5 32. Ra1 b5 33. Nd2 Bb6 34. Kf3 Kf7 35. Ke4 Ke6 36. g4 Kd6 37. h4 Bf2 38. h5 gxh5 39. gxh5 Ke6 40. Nf3 Kf6 41. Ne5 Bh4 42. Nc6 Rxa4 43. Rxa4 bxa4 44. Ne5 Kg7 45. Kf5 Bf6 46. Nxc4 Kh6 47. Kg4 e6 48. Ne5 Be7 49. Nf7+ Kg7 50. Ng5 a3 51. bxa3 Bxa3 52. Nxe6+ Kf7 53. f5 Bb2 54. Nc7 a5 55. Nb5 a4 56. c4 Bf6 57. c5 Be5 58. Kg5 Kg7 59. c6 h6+ 60. Kg4 Kf7 61. Kf3 Ke7 62. Ke4 Bb8 63. c7 Bxc7 64. Nxc7 Kf7 65. Nd5 a3 66. Nb4 Kf6 67. Kf4 Kf7 68. Ke5 Ke7 69. f6+ Kf7 70. Kf5 Kf8 71. Kg6 Kg8 72. f7+ 1-0

[Event "Montevideo Wednesday at the Mystery 1st"]
[Site "Montevideo"]
[Date "2021.10.27"]
[Round "5"]
[White "Avedisian, Alexander"]
[Black "Pena Canapa, Alfredo"]
[Result "0-1"]
[WhiteElo "1919"]
[BlackElo "1790"]
[PlyCount "68"]
[EventDate "2021.09.29"]
[EventType "swiss"]
[EventRounds "5"]
[EventCountry "URU"]
[SourceTitle "EXT 2023"]
[Source "ChessBase"]
[SourceDate "2022.10.05"]
[SourceVersion "1"]
[SourceVersionDate "2022.10.05"]
[SourceQuality "1"]

1. Nf3 c5 2. g3 Nc6 3. Bg2 g6 4. 0-0 Bg7 5. c3 e6 6. d4 cxd4 7. cxd4 d5 8. Nc3 Nge7 9. Bf4 Qb6 10. Na4 Qa5 11. Bd2 Qd8 12. e3 0-0 13. b4 Nf5 14. Bc3 Nd6 15. Rc1 b6 16. a3 a5 17. Ba1 Bd7 18. b5 Na7 19. Nxb6 Qxb6 20. a4 Rfc8 21. Nd2 Rxc1 22. Qxc1 Rc8 23. Qe1 Naxb5 24. Qb1 Qc7 25. axb5 Bxb5 26. Re1 a4 27. e4 dxe4 28. Nxe4 Nxe4 29. Qxb5 Nc3 30. Qb4 Qc4 31. Qa3 Bxd4 32. Bb2 Nb5 33. Bf1 Nxa3 34. Bxc4 Bxb2 0-1

[Event "Montevideo Wednesday at the Mystery 1st"]
[Site "Montevideo"]
[Date "2021.09.29"]
[Round "1"]
[White "Pena Canapa, Alfredo"]
[Black "Romero, Juan"]
[Result "1-0"]
[WhiteElo "1790"]
[BlackElo "1396"]
[PlyCount "133"]
[EventDate "2021.09.29"]
[EventType "swiss"]
[EventRounds "5"]
[EventCountry "URU"]
[SourceTitle "EXT 2023"]
[Source "ChessBase"]
[SourceDate "2022.10.05"]
[SourceVersion "1"]
[SourceVersionDate "2022.10.05"]
[SourceQuality "1"]

1. e4 e6 2. d4 d5 3. Nc3 Nc6 4. e5 f6 5. Nf3 Bb4 6. Bb5 Bd7 7. 0-0 Qe7 8. Re1 0-0-0 9. a3 Bxc3 10. bxc3 Nxe5 11. Nxe5 Bxb5 12. Rb1 fxe5 13. Rxb5 e4 14. Bf4 Nf6 15. Qb1 c6 16. Ra5 b6 17. Ra4 Ne8 18. Re3 Nd6 19. Rb4 Nc4 20. Rg3 Nxa3 21. Qa2 Nc4 22. Bg5 Qf7 23. Bxd8 Rf8 24. f3 Kxd8 25. Rxc4 dxc4 26. Qxc4 Kc7 27. d5 exd5 28. Qd4 g6 29. h3 Qf6 30. Qa4 a5 31. fxe4 Qe5 32. Rg4 Qxc3 33. exd5 Qc5+ 34. Kh2 Qxd5 35. Re4 Qd6+ 36. Kg1 Rf5 37. Qc4 Rd5 38. Qa6 Rd1+ 39. Kf2 Qf6+ 40. Kg3 Qg5+ 41. Kh2 Qc5 42. Qa7+ Kd6 43. Qb8+ Kd7 44. Qe8+ Kc7 45. Re7+ Qxe7 46. Qxe7+ Rd7 47. Qe6 b5 48. c4 b4 49. c5 Rd5 50. Qe7+ Rd7 51. Qe2 Rd5 52. Qc4 Kd7 53. g4 Ke6 54. Kg3 Ke5 55. Kf3 g5 56. Ke3 Kf6 57. Qc1 Re5+ 58. Kd4 Re8 59. Qf1+ Ke6 60. Qa6 Rd8+ 61. Kc4 Ke5 62. Qxc6 Rd4+ 63. Kb5 b3 64. Qc7+ Ke4 65. Qxa5 Kd3 66. Qa1 Rd5 67. Qd1+ 1-0

[Event "Montevideo Trebejos op 03"]
[Site "Montevideo"]
[Date "2021.03.08"]
[Round "1"]
[White "Iglesias, Javier"]
[Black "Pena Canapa, Alfredo"]
[Result "1-0"]
[WhiteElo "1380"]
[BlackElo "1808"]
[PlyCount "103"]
[EventDate "2021.03.08"]
[EventType "swiss"]
[EventRounds "6"]
[EventCountry "URU"]
[SourceTitle "EXT 2022"]
[Source "ChessBase"]
[SourceDate "2021.10.06"]
[SourceVersion "1"]
[SourceVersionDate "2021.10.06"]
[SourceQuality "1"]

1. e4 c5 2. Nf3 e6 3. d4 cxd4 4. Nxd4 Nc6 5. Nc3 Qc7 6. Be3 a6 7. f3 b5 8. Qd2 Bb7 9. 0-0-0 Bb4 10. Nxc6 Bxc6 11. Qd4 Bf8 12. g4 Rc8 13. Kb1 h5 14. h4 hxg4 15. fxg4 Nf6 16. g5 Ng4 17. Bd3 Nxe3 18. Qxe3 Qe5 19. Rdf1 Bc5 20. Qf3 Rf8 21. g6 f6 22. h5 Qg5 23. Qh3 Rh8 24. Rf3 Ke7 25. Rg3 Qh6 26. Qg4 Bd4 27. Ne2 Be5 28. Rgg1 Bb7 29. c3 b4 30. Rc1 bxc3 31. Nxc3 Rc7 32. Qe2 a5 33. Rc2 Rhc8 34. Nb5 Rxc2 35. Bxc2 Ba6 36. a4 Rc5 37. Ka2 Qg5 38. Bd3 Bf4 39. Qe1 Rc1 40. Qh4 Rxh1 41. Qxh1 Qc5 42. Qe1 Bxb5 43. Bxb5 Bc7 44. Qd2 d5 45. h6 gxh6 46. Qxh6 dxe4 47. Qh7+ Kd6 48. Qd7+ Ke5 49. g7 Qd5+ 50. Qxd5+ exd5 51. g8Q d4 52. Qg3+ 1-0

[Event "URU-chT Regional"]
[Site "Punta del Este"]
[Date "2020.11.02"]
[Round "5.3"]
[White "Agrasot, Antonio"]
[Black "Pena Canapa, Alfredo"]
[Result "1/2-1/2"]
[WhiteElo "1560"]
[BlackElo "1810"]
[PlyCount "87"]
[EventDate "2020.10.31"]
[EventType "team-swiss"]
[EventRounds "5"]
[EventCountry "URU"]
[SourceTitle "CBM 199 Extra"]
[Source "ChessBase"]
[SourceDate "2021.01.31"]
[SourceVersion "1"]
[SourceVersionDate "2021.01.31"]
[SourceQuality "1"]
[WhiteTeam "Maldonado II"]
[BlackTeam "Lavalleja"]
[WhiteTeamCountry "URU"]
[BlackTeamCountry "URU"]

1. e4 c5 2. Nf3 e6 3. a3 d5 4. exd5 exd5 5. Bb5+ Bd7 6. Bxd7+ Nxd7 7. 0-0 Be7 8. Re1 Ngf6 9. d3 0-0 10. Nc3 h6 11. b3 a6 12. Bb2 Bd6 13. g3 Qc7 14. Re2 Rfe8 15. Qd2 Rxe2 16. Nxe2 Re8 17. Re1 Ne5 18. Bxe5 Bxe5 19. Nxe5 Qxe5 20. Kf1 Qh5 21. Kg2 Ng4 22. h3 Ne5 23. Ng1 Re6 24. f4 Nc6 25. Rxe6 fxe6 26. Nf3 Qf5 27. Qe3 b6 28. g4 Qf6 29. Ne5 Nxe5 30. Qxe5 Qxe5 31. fxe5 Kf7 32. c3 Kg6 33. Kg3 b5 34. d4 cxd4 35. cxd4 h5 36. Kf4 a5 37. b4 a4 38. h4 Kh6 39. Kg3 g5 40. hxg5+ Kxg5 41. gxh5 Kxh5 42. Kh3 Kg5 43. Kg3 Kf5 44. Kf3 1/2-1/2

[Event "Montevideo Trebejos Grand Prix"]
[Site "Montevideo"]
[Date "2020.01.20"]
[Round "1"]
[White "Saralegui Cassan, Mario"]
[Black "Pena Canapa, Alfredo"]
[Result "0-1"]
[WhiteElo "2010"]
[BlackElo "1797"]
[PlyCount "96"]
[EventDate "2020.01.20"]
[EventType "swiss"]
[EventRounds "5"]
[EventCountry "URU"]
[SourceTitle "CBM 195 Extra"]
[Source "ChessBase"]
[SourceDate "2020.05.31"]
[SourceVersion "1"]
[SourceVersionDate "2020.05.31"]
[SourceQuality "1"]

1. d4 d5 2. Nf3 Nf6 3. e3 c5 4. c4 e6 5. Nc3 dxc4 6. Bxc4 a6 7. a4 Be7 8. 0-0 0-0 9. Qe2 Re8 10. Rd1 Qc7 11. h3 b6 12. dxc5 Bxc5 13. e4 Bb7 14. Bg5 Nfd7 15. Rac1 Nc6 16. Ba2 h6 17. Be3 Bxe3 18. Qxe3 Rad8 19. Bb1 Nf8 20. Rxd8 Qxd8 21. Ne2 Re7 22. e5 Rd7 23. Nc3 Nd4 24. Be4 Nxf3+ 25. Qxf3 Bxe4 26. Qxe4 Rd4 27. Qe2 Rd2 28. Qxa6 Qd4 29. Rf1 Rxb2 30. Nb5 Qc5 31. Qb7 Ng6 32. Nd6 Nxe5 33. Qe7 f6 34. Qxe6+ Kh7 35. Qf5+ Kg8 36. Ne4 Qc6 37. Rd1 Nf7 38. Nd6 Ne5 39. Nc8 Qxa4 40. Rd8+ Kf7 41. Nd6+ Ke7 42. Re8+ Kxd6 43. Qe6+ Kc5 44. Rc8+ Kd4 45. Rc1 Qb4 46. Rd1+ Ke4 47. f4 Kxf4 48. Rf1+ Kg3 0-1

[Event "Montevideo Trebejos Primavera op"]
[Site "Montevideo"]
[Date "2019.09.27"]
[Round "6"]
[White "Saralegui Cassan, Mario"]
[Black "Pena Canapa, Alfredo"]
[Result "1-0"]
[WhiteElo "2059"]
[BlackElo "1808"]
[PlyCount "89"]
[EventDate "2019.09.09"]
[EventType "swiss"]
[EventRounds "6"]
[EventCountry "URU"]
[SourceTitle "CBM 195 Extra"]
[Source "ChessBase"]
[SourceDate "2020.05.31"]
[SourceVersion "1"]
[SourceVersionDate "2020.05.31"]
[SourceQuality "1"]

1. d4 Nf6 2. Nf3 e6 3. e3 d5 4. Bd3 c5 5. b3 Nc6 6. 0-0 Bd6 7. Bb2 0-0 8. Nbd2 b6 9. a3 Bb7 10. Qe2 Rc8 11. Rfd1 Qe7 12. Ne5 Bxe5 13. dxe5 Nd7 14. Nf3 Rfe8 15. c4 dxc4 16. Bxc4 Nf8 17. Bb5 Red8 18. Nd2 Nb8 19. Qg4 a6 20. Bf1 Ng6 21. Ne4 Bxe4 22. Qxe4 Rxd1 23. Rxd1 Rd8 24. Bd3 Qc7 25. a4 Nf8 26. Qg4 b5 27. Bc3 Nc6 28. h4 h6 29. f4 Ne7 30. Be4 Rxd1+ 31. Qxd1 Qd7 32. Qxd7 Nxd7 33. Bb7 Nd5 34. Bd2 Nb8 35. e4 Nb6 36. Ba5 N6d7 37. Kf2 Kf8 38. Bc7 Ke7 39. Ke3 f5 40. Kf3 Ke8 41. g4 Ke7 42. Bd6+ Kd8 43. g5 Ke8 44. exf5 Kd8 45. f6 1-0

[Event "Montevideo Trebejos Primavera op"]
[Site "Montevideo"]
[Date "2019.09.23"]
[Round "5"]
[White "Sardi, Anibal"]
[Black "Pena Canapa, Alfredo"]
[Result "0-1"]
[WhiteElo "1567"]
[BlackElo "1808"]
[PlyCount "94"]
[EventDate "2019.09.09"]
[EventType "swiss"]
[EventRounds "6"]
[EventCountry "URU"]
[SourceTitle "CBM 195 Extra"]
[Source "ChessBase"]
[SourceDate "2020.05.31"]
[SourceVersion "1"]
[SourceVersionDate "2020.05.31"]
[SourceQuality "1"]

1. e4 c5 2. b4 b6 3. bxc5 bxc5 4. Bb5 e6 5. Bb2 Qb6 6. Nc3 Nf6 7. Rb1 Nc6 8. Nf3 Be7 9. Qe2 0-0 10. g4 Nd4 11. Nxd4 cxd4 12. Na4 Qc7 13. g5 Ne8 14. Bxd4 d5 15. Nc3 dxe4 16. Nxe4 e5 17. Bc3 Be6 18. Bd3 Rb8 19. Rd1 Bxa2 20. Rg1 g6 21. h4 Ng7 22. Nf6+ Bxf6 23. gxf6 Ne8 24. Bxe5 Nd6 25. Qh5 Rfe8 26. f4 Qc5 27. Ke2 Bc4 28. Qg5 Bxd3+ 29. cxd3 Rb3 30. h5 Qd5 31. Rg3 Qe6 32. hxg6 fxg6 33. Qh6 Qxf6 34. Rh1 Qf7 35. Rhg1 Re6 36. Qg5 Rb6 37. Kf3 Re8 38. d4 Nf5 39. R3g2 Qb3+ 40. Kf2 Qc4 41. Re1 Qd3 42. Re2 Nxd4 43. Qg4 Nf5 44. Kg1 Rc8 45. Re3 Rc1+ 46. Kh2 Qb1 47. d3 Rh1# 0-1

[Event "Montevideo Biblioteca Nacional op"]
[Site "Montevideo"]
[Date "2019.07.16"]
[Round "3"]
[White "Pena Canapa, Alfredo"]
[Black "Pelaez, Diego"]
[Result "1-0"]
[WhiteElo "1810"]
[BlackElo "1621"]
[PlyCount "91"]
[EventDate "2019.07.02"]
[EventType "swiss"]
[EventRounds "6"]
[EventCountry "URU"]
[SourceTitle "EXT 2020"]
[Source "ChessBase"]
[SourceDate "2019.10.17"]
[SourceVersion "1"]
[SourceVersionDate "2019.10.17"]
[SourceQuality "1"]

1. Nf3 Nf6 2. c4 g6 3. Nc3 Bg7 4. e4 d6 5. d4 0-0 6. h3 e5 7. d5 a5 8. Be3 Na6 9. Be2 Nc5 10. Nd2 Ne8 11. g4 f5 12. gxf5 gxf5 13. Qc2 Na6 14. exf5 Bxf5 15. Nde4 Nb4 16. Qd2 Bxe4 17. Nxe4 Qh4 18. Bg4 h6 19. a3 Na6 20. 0-0-0 Nf6 21. Nxf6+ Rxf6 22. Kb1 Nc5 23. f3 Rg6 24. Rhg1 Kh8 25. Qc2 Qf6 26. h4 h5 27. Bxh5 Rxg1 28. Rxg1 Rg8 29. Bg5 Qf8 30. Bg4 Bh6 31. Qd2 Kh7 32. Qe3 a4 33. Bxh6 Qf6 34. Bg5 Qg6+ 35. Ka2 Rf8 36. h5 Qc2 37. Rc1 Qg2 38. Be7 Rf4 39. Kb1 Nb3 40. Rg1 Nd2+ 41. Ka2 Nxc4 42. Qd3+ e4 43. Rxg2 exd3 44. Bg5 Rd4 45. Bf5+ Kg7 46. Be3+ 1-0

[Event "Montevideo Biblioteca Nacional op"]
[Site "Montevideo"]
[Date "2019.07.09"]
[Round "2"]
[White "Guidali, Leonardo"]
[Black "Pena Canapa, Alfredo"]
[Result "1/2-1/2"]
[WhiteElo "1568"]
[BlackElo "1810"]
[PlyCount "63"]
[EventDate "2019.07.02"]
[EventType "swiss"]
[EventRounds "6"]
[EventCountry "URU"]
[SourceTitle "EXT 2020"]
[Source "ChessBase"]
[SourceDate "2019.10.17"]
[SourceVersion "1"]
[SourceVersionDate "2019.10.17"]
[SourceQuality "1"]

1. e4 c5 2. Nf3 e6 3. d4 cxd4 4. Nxd4 Nc6 5. Bb5 Qb6 6. Bxc6 bxc6 7. 0-0 d5 8. Nc3 Nf6 9. e5 Nd7 10. Nf3 h6 11. b3 Bb4 12. Na4 Qc7 13. c3 Be7 14. Re1 0-0 15. Bf4 Re8 16. Qd2 Bf8 17. Rad1 Nb6 18. Nb2 a5 19. Nd3 a4 20. Be3 axb3 21. axb3 Ra3 22. Qb2 Ra8 23. Nc5 Ra5 24. Nd3 Bb7 25. Ra1 Rea8 26. Rxa5 Rxa5 27. Ra1 Nd7 28. b4 Rxa1+ 29. Qxa1 c5 30. bxc5 Nxc5 31. Nxc5 Bxc5 32. Bd4 1/2-1/2

[Event "Montevideo Autumn op 2nd"]
[Site "Montevideo"]
[Date "2019.05.10"]
[Round "4"]
[White "Ferrari, Carlos"]
[Black "Pena Canapa, Alfredo"]
[Result "0-1"]
[WhiteElo "1685"]
[BlackElo "1808"]
[PlyCount "60"]
[EventDate "2019.05.03"]
[EventType "swiss"]
[EventRounds "7"]
[EventCountry "URU"]
[SourceTitle "CBM 190 Extra"]
[Source "ChessBase"]
[SourceDate "2019.07.15"]
[SourceVersion "1"]
[SourceVersionDate "2019.07.15"]
[SourceQuality "1"]

1. e4 e5 2. Nc3 Nc6 3. d3 h6 4. Nf3 Nf6 5. Be2 d5 6. exd5 Nxd5 7. Ne4 Be7 8. c3 0-0 9. h3 f5 10. Ng3 Kh8 11. Qc2 Qe8 12. Bd2 Be6 13. 0-0-0 Qf7 14. Kb1 Bf6 15. b3 a5 16. Rdg1 a4 17. b4 a3 18. Nf1 e4 19. Ne1 Ne5 20. d4 Nc6 21. g4 Ndxb4 22. Qc1 Nxa2 23. Qd1 Nab4 24. Ne3 a2+ 25. Ka1 Nxd4 26. N1c2 Nb3+ 27. Kb2 a1Q+ 28. Nxa1 Rxa1 29. Qxa1 Nxa1 30. Kxa1 Qd7 0-1

[Event "Montevideo Autumn op 2nd"]
[Site "Montevideo"]
[Date "2019.05.08"]
[Round "3"]
[White "Pena Canapa, Alfredo"]
[Black "Gomez Troccoli, Martin"]
[Result "0-1"]
[WhiteElo "1808"]
[BlackElo "1975"]
[PlyCount "72"]
[EventDate "2019.05.03"]
[EventType "swiss"]
[EventRounds "7"]
[EventCountry "URU"]
[SourceTitle "CBM 190 Extra"]
[Source "ChessBase"]
[SourceDate "2019.07.15"]
[SourceVersion "1"]
[SourceVersionDate "2019.07.15"]
[SourceQuality "1"]

1. Nf3 d5 2. c4 d4 3. g3 g6 4. Bg2 Bg7 5. 0-0 Nh6 6. d3 c5 7. b4 cxb4 8. a3 bxa3 9. Bxa3 0-0 10. Nbd2 Re8 11. Qb3 Nc6 12. Rfb1 Rb8 13. Ne4 Nf5 14. Qa4 h6 15. Bc1 Nd6 16. Nfd2 Bg4 17. Kf1 Qc8 18. Nc5 Bh3 19. Nde4 Bxg2+ 20. Kxg2 f5 21. Nd2 e5 22. f3 b6 23. Na6 Rb7 24. Ba3 Nf7 25. c5 e4 26. fxe4 fxe4 27. Nxe4 b5 28. Qc2 Qg4 29. h3 Qh5 30. Bc1 b4 31. g4 Qh4 32. Bf4 Be5 33. Qd2 h5 34. Bxe5 Nfxe5 35. gxh5 gxh5 36. Rb2 Rg7+ 0-1

[Event "Montevideo zt 2.5"]
[Site "Montevideo"]
[Date "2019.04.16"]
[Round "6"]
[White "Pena Canapa, Alfredo"]
[Black "Ramirez, Agustin"]
[Result "1-0"]
[WhiteElo "1811"]
[BlackElo "1541"]
[PlyCount "103"]
[EventDate "2019.04.13"]
[EventType "swiss"]
[EventRounds "9"]
[EventCountry "URU"]
[SourceTitle "CBM 189 Extra"]
[Source "ChessBase"]
[SourceDate "2019.06.03"]
[SourceVersion "1"]
[SourceVersionDate "2019.06.03"]
[SourceQuality "1"]

1. d4 Nf6 2. c4 g6 3. Nc3 Bg7 4. e4 d6 5. h3 0-0 6. Be3 e5 7. d5 c5 8. Be2 Ne8 9. Nf3 f5 10. Qc2 Nc7 11. Bd3 a6 12. a4 a5 13. 0-0-0 Nba6 14. Qe2 Nb4 15. Bb1 fxe4 16. Bxe4 Bf5 17. Nd2 Qd7 18. b3 Bxe4 19. Ndxe4 Rad8 20. Qg4 Qf5 21. f3 Rf7 22. Rd2 h6 23. Qh4 g5 24. Qg3 Bf6 25. Nxf6+ Rxf6 26. Ne4 Rg6 27. Qg4 Qxg4 28. hxg4 Rf8 29. Ng3 Ne8 30. Nf5 Kh7 31. Rdd1 Ng7 32. Ne7 Re8 33. Nxg6 Kxg6 34. Kd2 Na6 35. Rh3 Nc7 36. Rdh1 Rh8 37. Kd3 Nce8 38. Bd2 b6 39. g3 Nf6 40. Ke2 h5 41. gxh5+ Ngxh5 42. Ke1 Rh7 43. g4 Nf4 44. Bxf4 exf4 45. Rxh7 Nxh7 46. Kd2 Nf8 47. Kd3 Nh7 48. Re1 Nf8 49. Re8 Kf7 50. Rb8 Nd7 51. Rb7 Ke8 52. Ke4 1-0

[Event "Montevideo zt 2.5"]
[Site "Montevideo"]
[Date "2019.04.16"]
[Round "5"]
[White "Vazquez, Facundo"]
[Black "Pena Canapa, Alfredo"]
[Result "1-0"]
[WhiteElo "2009"]
[BlackElo "1811"]
[PlyCount "51"]
[EventDate "2019.04.13"]
[EventType "swiss"]
[EventRounds "9"]
[EventCountry "URU"]
[SourceTitle "CBM 189 Extra"]
[Source "ChessBase"]
[SourceDate "2019.06.03"]
[SourceVersion "1"]
[SourceVersionDate "2019.06.03"]
[SourceQuality "1"]

1. d4 d5 2. c4 dxc4 3. e4 e5 4. Nf3 exd4 5. Bxc4 Bb4+ 6. Bd2 Bxd2+ 7. Nbxd2 c5 8. b4 Nf6 9. bxc5 0-0 10. 0-0 Nc6 11. Rb1 h6 12. h3 Qe7 13. Qc2 Rb8 14. Rfe1 Be6 15. Bd5 Rfc8 16. Nb3 Nb4 17. Qd2 Nbxd5 18. exd5 Nxd5 19. Nfxd4 Nc7 20. Nf5 Qf6 21. Nd6 Rd8 22. Nd4 Bd5 23. N4f5 Be6 24. Qd4 Qxd4 25. Nxd4 b6 26. Nc6 1-0

[Event "Montevideo zt 2.5"]
[Site "Montevideo"]
[Date "2019.04.15"]
[Round "4"]
[White "Pena Canapa, Alfredo"]
[Black "Reolon, Victor"]
[Result "1-0"]
[WhiteElo "1811"]
[BlackElo "1659"]
[PlyCount "92"]
[EventDate "2019.04.13"]
[EventType "swiss"]
[EventRounds "9"]
[EventCountry "URU"]
[SourceTitle "CBM 189 Extra"]
[Source "ChessBase"]
[SourceDate "2019.06.03"]
[SourceVersion "1"]
[SourceVersionDate "2019.06.03"]
[SourceQuality "1"]

1. b3 e5 2. Bb2 Nc6 3. e3 d5 4. Bb5 Bd6 5. f4 Qe7 6. Nf3 d4 7. Bxc6+ bxc6 8. fxe5 Bxe5 9. Nxe5 Qxe5 10. 0-0 Qg5 11. Bxd4 Nh6 12. Qf3 0-0 13. Qf4 Qxf4 14. Rxf4 Nf5 15. Bc3 Rd8 16. Na3 Ne7 17. e4 f5 18. exf5 Bxf5 19. Re1 g5 20. Rf2 Re8 21. d3 Bg6 22. Rfe2 Nd5 23. Rxe8+ Rxe8 24. Rxe8+ Bxe8 25. Bd2 h6 26. Nc4 Bh5 27. Ne5 Bd1 28. c4 Nf4 29. Bxf4 gxf4 30. Nxc6 a6 31. Kf2 Bc2 32. d4 Bb1 33. a3 Be4 34. d5 Kf8 35. Nd4 Ke7 36. g3 fxg3+ 37. hxg3 Kd6 38. Ke3 Bg6 39. b4 Bh7 40. Nf3 Bg6 41. Kd4 Be8 42. Nh4 Bd7 43. Ng6 Bf5 44. c5+ Kd7 45. Nf4 Ke7 46. Ke5 Kf7 1-0